Random Greek Words #2 - Statistics

General Stats
  • This quiz has been taken 99 times
  • The average score is 9 of 13
Answer Stats
Greek English % Correct
ήλιος (helios) sun
95%
φόβος (phobos) fear
92%
αράχνη (arachne) spider
88%
θεός (theos) god
83%
διάλογος (dialogos) dialogue
77%
αστέρι (asteri) star
71%
νερό (nero) water
64%
ψάρι (psari) fish
63%
γιαγιά (yiayia) grandmother
58%
ουρανός (ouranos) sky
57%
ζωή (zoe) life
52%
μητέρα (metera) mother
50%
φυτό (phyto) plant
43%
No matching quizzes found
Score Distribution
Percent of People with Each Score
Percentile by Number Answered
Your Score History
You have not taken this quiz